| 000 | 00724nam a22002417a 4500 | ||
|---|---|---|---|
| 001 | 3318 | ||
| 003 | FISKH | ||
| 005 | 20240227122011.0 | ||
| 008 | 240227b cb ||||| |||| 00| 0 eng d | ||
| 040 |
_aFISK _beng _cFISK _dFISK |
||
| 050 | _aE185.W474 | ||
| 082 | _a170.835 | ||
| 100 |
_aWilliams Terrie : _d1954 |
||
| 245 |
_aStay strong / _cTerrie Williams |
||
| 260 |
_aNew York : _bTerrie Williams, _c2001 |
||
| 300 |
_a219 pages : _b23 cm : |
||
| 490 | _aSimple life lessons for teens | ||
| 501 | _aQ | ||
| 520 | _aRecently added by JPFam, CBCHefei, booksatasteal, KMSLibraryNB, BellefaireJCB, Kelly_LaFaille, HCPHPL, SoulSingh | ||
| 521 | 8 |
_a890 _bQ |
|
| 700 | _aTerrie Williams | ||
| 942 |
_2ddc _cBK _n0 |
||
| 999 |
_c3318 _d3318 |
||